000 00612nam a22001817a 4500
003 CEME
005 20210628210023.0
008 210201b xxu||||| |||| 00| 0 eng d
020 _a0-470-86267-X
040 _c.
082 _a621.38456 MIS
100 _aMishra, Ajay R
_977867
245 _aFundamentals of cellular network planning and optimisation,2g/2.5g/3g ... Evolution to 4g
260 _aNEW YORK
_bJOHN WILEY & SONS
_c2004
300 _aXIV,287P
650 _aCELLULAR NETWORK PLANNING AND OPTIMISATION.MOBILE NETWORK EVOLUTION.GSM.BSS.NMS.RAN.CN.GPRS.WCDMA.2G.2.5G.3G.4G
_977868
942 _cBK
_2ddc
999 _c583060
_d583060